000 00617nam a2200229Ia 4500
003 IIN
005 20250507120319.0
008 231217s9999 xx 000 0 und d
020 _a818061476X
_cRs.695.00
020 _a9788180614767
_cRs.795.00
040 _aIIN
_bEnglish
082 _a610.73
_bNEE
100 1 _aNeeraja, K.P.
245 1 _aTextbook of Sociology for Nursing Students /
_cK.P. Neeraja
260 _aNew Delhi
_bJaypee
_c2005
260 _aNew Delhi
_bJaypee
_c2024
300 _axv, 607 p.
500 _aIncludes Index
650 1 _aSociology
650 1 _aSociology
_vNursing
942 _cBOOK
999 _c995
_d995